Jeżycjada Małgorzaty Musierowicz - nagła śmierć - Statystyki

Ogólne statystyki
  • Ten quiz został rozwiązany 16 razy
  • Średni wynik to 13 z 22
Answers on the Grid
Answers color-coded by a green-red scale on the quiz's grid according to % correct below.
Szósta klepka
Kłamczucha
Kwiat kalafiora
Ida sierpniowa
Opium w rosole
Brulion Bebe B.
Noelka
Pulpecja
Dziecko piątku
Nutria i nerwus
Córka Robrojka
Imieniny
Tygrys i Róża
Kalamburka
Język Trolli
Żaba
Czarna polewka
Sprężyna
McDusia
Wnuczka do orzechów
Feblik
Ciotka Zgryzotka
Siłaczka
Głowa Kasandry
Paradyzja
Ta trzecia
Powracająca fala
Ten obcy
Jezioro osobliwości
Długi deszczowy tydzień
Szatan z siódmej klasy
Siódme wtajemniczenie
Chłopak na opak
Władca Lewawu
Koniec wakacji
Chłopak na niepogodę
Nasza szkapa
Skarżypyta
Spotkanie nad morzem
Niesamowity dwór
Jezioro Bodeńskie
Perfekcyjna niedoskonałość
Komediantka
Walc stulecia
 
Statystyki odpowiedzi
Odpowiedź % Poprawnych
Ciotka Zgryzotka
75%
Język Trolli
75%
Czarna polewka
67%
Ida sierpniowa
67%
Kwiat kalafiora
67%
Noelka
67%
Opium w rosole
67%
Brulion Bebe B.
58%
Córka Robrojka
58%
Dziecko piątku
58%
McDusia
58%
Pulpecja
58%
Wnuczka do orzechów
58%
Żaba
58%
Feblik
50%
Imieniny
50%
Kalamburka
50%
Kłamczucha
50%
Nutria i nerwus
50%
Sprężyna
50%
Szósta klepka
50%
Tygrys i Róża
50%
Nie znaleziono quizów pasujących do podanych kryteriów
Rozkład punktacji
Procent ludzi z każdym wynikiem
Percentyl według liczby udzielonych odpowiedzi
Twoja historia wyników
Nie rozwiązałeś tego quizu